| 000 | 00529nam a22001937a 4500 | ||
|---|---|---|---|
| 003 | NUST - PNEC | ||
| 005 | 20170116180823.0 | ||
| 008 | 150625b xxu||||| |||| 00| 0 eng d | ||
| 020 | _a9780071263283 | ||
| 040 | _cLIBRARY | ||
| 082 | _a515.9 BRO | ||
| 100 |
_94199 _aBrown, James Ward |
||
| 245 |
_aComplex variables and applications _cJames Ward brown |
||
| 250 | _a8th ed | ||
| 260 |
_aNew York _bMcGraw -Hill _cc2009. |
||
| 300 | _a468 p. : | ||
| 650 |
_94201 _aFunctions of complex variables _xGeneral |
||
| 942 |
_2ddc _cBK |
||
| 999 |
_c63789 _d63789 |
||